Reflexiones sobre la biblioteca de la Universidad de Mallorca en respuesta á los que creen que para regentar el empleo bibliotecario no se necesita más que saber leer y estar sentados / (Record no. 19062)

MARC details
000 -LEADER
campo de control de longitud fija 00825nam a2200193 i 4500
001 - NÚMERO DE CONTROL
campo de control 19062
003 - IDENTIFICADOR DE NÚMERO DE CONTROL
campo de control ES-MaACL
005 - FECHA Y HORA DE LA ÚLTIMA TRANSACCIÓN
campo de control 20230906152005.0
007 - CAMPO FIJO DE DESCRIPCIÓN FÍSICA--INFORMACIÓN GENERAL
campo de control de longitud fija t|
008 - DATOS DE LONGITUD FIJA--INFORMACIÓN GENERAL
campo de control de longitud fija 020531s1978 sp ||||1| spa d
080 ## - NÚMERO DE LA CLASIFICACIÓN DECIMAL UNIVERSAL
Número de la Clasificación Decimal Universal 023.4/5
100 1# - ENTRADA PRINCIPAL--NOMBRE DE PERSONA
Nombre de persona Barberi, Josef.
9 (RLIN) 25427
245 10 - MENCIÓN DEL TÍTULO
Título Reflexiones sobre la biblioteca de la Universidad de Mallorca en respuesta á los que creen que para regentar el empleo bibliotecario no se necesita más que saber leer y estar sentados /
Mención de responsabilidad, etc. [Josef Barberi].
260 ## - PUBLICACIÓN, DISTRIBUCIÓN, ETC.
Lugar de publicación, distribución, etc. [Ciutat de Mallorca :
Nombre del editor, distribuidor, etc. Biblioteca Bartomeu March,
Fecha de publicación, distribución, etc. 1978]
300 ## - DESCRIPCIÓN FÍSICA
Extensión 22 p. ;
Dimensiones 18 cm.
500 ## - NOTA GENERAL
Nota general Opúsculo extraido de Misceláneas históricas t. I del P. Lluís de Vilafranca, fué escrito a finales de 1804.
650 14 - PUNTO DE ACCESO ADICIONAL DE MATERIA--TÉRMINO DE MATERIA
Término de materia o nombre geográfico como elemento de entrada Bibliotecarios-
Subdivisión general Formación profesional.
9 (RLIN) 10528
852 ## - LOCALIZACIÓN
Ubicación ES-MaACL
Número de control de estantería 2162-F-16
Sublocalización o colección R.110872
Holdings
Estatus retirado Estado de pérdida Estado de daño No para préstamo Colección Biblioteca de origen Biblioteca actual Ubicación en estantería Fecha de adquisición Fuente de adquisición Total de préstamos Signatura topográfica completa Código de barras Visto por última vez Precio de reemplazo Tipo de ítem Koha
        Colección de folletos Biblioteca del Ateneo de Madrid Biblioteca del Ateneo de Madrid Depósito folletos 17/01/2008     2162-F-16 1019506 23/02/2023 23/02/2023 Folleto